Statistics for Panama Provinces Capital Cities Quiz

Click here to take the quiz!

General Stats

  • This quiz has been taken 173 times
  • The average score is 10 of 15

Answer Stats

HintAnswer% Correct
Kuna de MadugandíPanamá
94%
ChiriquíDavid
89%
ColónColón
88%
Bocas del ToroBocas del Toro
80%
PanamáPanama City
75%
CocléPenonomé
72%
Los SantosLas Tablas
70%
HerreraChitré
69%
DariénLa Palma
68%
Kuna de WargandíDarién
62%
VeraguasSantiago de Veraguas
59%
Guna YalaEl Porvenir
56%
Panamá OesteLa Chorrera
54%
Ngäbe-Buglé ComarcaChichica
48%
EmberáUnion Choco
46%

Score Distribution

Percentile by Number Answered

Percent of People with Each Score

Your Score History

You have not taken this quiz